000 00324nam a2200133Ia 4500
008 150201s2006 xx 000 0 und d
082 _a612.015
_bB06C
100 _aCHAPBELL,PETER N
245 _aBIOCHEMISTRY ILLUSTRATED
250 _a5TH
260 _bELSEVIER
_aDELHI
_c2006
650 _aBIOCHEMISTRY
942 _2ddc
_cBK
_05
999 _c1171
_d1171